000
00229nam a2200097Ia 4500
008
240331s9999 xx 000 0 und d
082
_b
BRI
100
_a
McHenry, R. editor
245
0
_a
Britannica book of the year 1992
942
_c
L
999
_c
3296
_d
3296